书目信息 |
| 题名: |
现代分子生物学
|
|
| 作者: | 朱玉贤 , 李毅 编著 | |
| 分册: | ||
| 出版信息: | 北京 高等教育出版社 2002.07 |
|
| 页数: | 413页 | |
| 开本: | 26cm | |
| 丛书名: | ||
| 单 册: | ||
| 中图分类: | Q7 | |
| 科图分类: | ||
| 主题词: | 分子生物学 | |
| 电子资源: | ||
| ISBN: | 7-04-010791-0 | |
| 000 | 00594nam0 2200205 45 | |
| 001 | 0261766082 | |
| 005 | 20121015111742.94 | |
| 010 | @a7-04-010791-0@dRMB 42.50 | |
| 100 | @a20020610d2002 km y0chiy0120 ea | |
| 101 | 0 | @achi |
| 102 | @aCN@b110000 | |
| 200 | 1 | @a现代分子生物学@Axian dai fen zi sheng wu xue@f朱玉贤,李毅编著@Fzhu yu xian,li yi bian zhu |
| 210 | @a北京@c高等教育出版社@d2002.07 | |
| 215 | @a413页@d26cm | |
| 606 | 0 | @a分子生物学 |
| 690 | @aQ7@v3 | |
| 701 | 0 | @a朱玉贤@Azhu yu xian@4编著 |
| 701 | 0 | @a李毅@Ali yi@4编著 |
| 801 | 0 | @aCN@bPFT@c20020610 |
| 905 | @a安徽大学@dQ7@eZ890 | |
| 现代分子生物学/朱玉贤,李毅编著.-北京:高等教育出版社,2002.07 |
| 413页;26cm |
| ISBN 7-04-010791-0:RMB 42.50 |
| ● |
| 相关链接 |
|
|
|
正题名:现代分子生物学
索取号:Q7/Z890
 
预约/预借
| 序号 | 登录号 | 条形码 | 馆藏地/架位号 | 状态 | 备注 |
| 1 | 363104 | 203631043 | 自科库401/401自科库 30排4列3层/ [索取号:Q7/Z890] | 在馆 | |
| 2 | 363105 | 203631052 | 自科库401/401自科库 30排4列3层/ [索取号:Q7/Z890] | 在馆 | |
| 3 | 363106 | 203631061 | 期刊室512/401自科库 30排4列3层/ [索取号:Q7/Z890] | 在馆 | |
| 4 | 488475 | 204884759 | 自科库401/401自科库 30排4列3层/ [索取号:Q7/Z890] | 在馆 |